000 00777nam a22001457a 4500
020 _a9789507417283
080 _a343.13+ 396 Su 81
245 _aSuspension del Proceso a Prueba para Delitos de Genero:
_bun mecanismo de prevencion
260 _aBuenos Aires:
_bHammurabi,
_c2015
300 _a191 P.
_c23 X 16 Cm.
650 _xderecho procesal penal
_xsuspension del proceso a prueba
_xdelitos de genero
_xfeminsimo
_xviolencia de genero
_xcaso Gongora
_xjurisprudencia
700 _aAvila, Fernando;
_eBianciotti, Daniela;
_ecafferata Nores, Jose I;
_eDevoto, Eleonoara A;
_eJuliano, Mariano A;
_eLopardo, Mauro;
_eMagrini, Liliana;
_eNiño, Luis F;
_eQuiñones, Ruben;
_eQuiñones Allende, Gabriela;
_eRovatti, Pablo;
_eVitale, Gustavo L:
942 _6_
945 _acd
_d2024-11-05
999 _c5439
_d235943